Como Blitzball Lineup 4 man lineups - Statistics

General Stats
  • This quiz has been taken 2 times
  • The average score is 25 of 32
Answer Stats
Answer % Correct
Blake Sappinfield
100%
Caden Sartain
100%
Chandler Sartain
100%
Cooper Carley
100%
Drew Davis
100%
Drew Sappinfield
100%
Hudson Borgmeyer
100%
Jackson Keshpol
100%
Joey Dimeo
100%
Josh Bradley
100%
Kolin Stone
100%
Luke Bradley
100%
Matt Foster
100%
Matthew Zuppardi
100%
Nick Keshpol
100%
Quin Myers
100%
Sammy Reazer
100%
Trent Severino
100%
Tyler Davis
100%
Andy Durand
50%
Casey Bennett
50%
Connor Thoma
50%
Dayton Thoma
50%
Jack Bresnahan
50%
Jake Short
50%
Kaden Stoffer
50%
Kyle Belcher
50%
Lorenzo Dew
50%
Lucas Whitworth
50%
Patrick Jacob
50%
David Drzewicki
0%
Jesse Spratt-Plunket
0%
No matching quizzes found
Score Distribution
Percent of People with Each Score
Percentile by Number Answered
Your Score History
You have not taken this quiz